000 00923cam a22003018a 4500
999 _c8258
_d8258
001 8258
003 BD - JhCC
005 20191212134008.0
008 000517s2000 dcua b 001 0 eng
020 _a0792279107 (regular)
020 _a0792279115 (deluxe)
035 _a(BD - JhCC)8258
035 _a(OCoLC)44267944
040 _aDLC
_cDLC
_dUKM
_dJBO
_dMYG
_dBD - JhCC
041 _aeng
050 0 0 _aBD638
_b.L26 2000
082 0 0 _a115
_221
_bLAN 2000
100 1 _aLangone, John,
_d1929-2006.
245 1 4 _aThe mystery of time :
_bhumanity's quest for order and measure /
_cJohn Langone.
260 _aWashington, D.C. :
_bNational Geographic Society,
_cc2000.
263 _a0009
300 _a256 p. :
_bill. (chiefly col.) ;
_c29 cm.
504 _aIncludes bibliographical references (p. 251) and index.
650 0 _aTime
_xHistory.
942 _2ddc
_cBK
_02
949 _ah
_p39080016454412